Ada 95 for C and C ++ programmers

Αποθηκεύτηκε σε:
Λεπτομέρειες βιβλιογραφικής εγγραφής
Κύριος συγγραφέας: Johnston, Simon
Μορφή: Βιβλίο
Γλώσσα:English
Δημοσίευση: Harlow, England : Addison-Wesley, c1997
Σειρά:International computer science series
Θέματα:
Ετικέτες: Προσθήκη ετικέτας
Δεν υπάρχουν, Καταχωρήστε ετικέτα πρώτοι!

MARC

LEADER 00000nam a2200000 i 4500
001 1/95292
008 991210s1997 eng d
020 |a 0201403633 
035 |l 10055247 
040 |a GR-MY-UA  |b gre  |e aacr 
041 0 |a eng 
082 0 |a 005.133 
100 1 |a Johnston, Simon. 
245 1 0 |a Ada 95 for C and C ++ programmers /  |c Simon Johnston 
260 |a Harlow, England :   |b Addison-Wesley,   |c c1997 
300 |a xvii, 364 p.;  |b ill.;  |c 24 cm.+  |e 1 computer laser optical disc (4 3/4 in.) 
490 1 |a International computer science series 
504 |a Includes bibliographical references and index 
650 0 0 |a Ada (Computer program language) 
830 0 |a International computer science series 
852 |a INST  |b SAMOS  |e 19991210  |h 005.133 JOH  |p 005300016477  |q 005300016477  |t BK  |y 0 
852 |a INST  |b SAMOS  |e 19991210  |h 005.133 JOH   |p 005300016276  |q 005300016276  |t BK  |y 0 
901 |a BIBL3-1999-3 
909 |a Σ  |b 070878 
909 |a Σ  |b 070883 
922 |a 3ΕΛΗ  |b 199911  |c ΤΠΕΣ  |d ΠΑΠΑΣΩΤΗΡΙΟΥ 
970 |a ΓΕΝΟΥΖΟΥ  |b ΧΡΥΣΑΝΘΗ  |z 1999/12/10